<?xml version="1.0" encoding="UTF-8"?>
<collection xmlns="http://www.loc.gov/MARC21/slim">
<record>
  <controlfield tag="001">144996</controlfield>
  <controlfield tag="005">20240920135617.0</controlfield>
  <datafield tag="024" ind1="8" ind2=" ">
    <subfield code="2">sideral</subfield>
    <subfield code="a">139824</subfield>
  </datafield>
  <datafield tag="037" ind1=" " ind2=" ">
    <subfield code="a">ART-2024-139824</subfield>
  </datafield>
  <datafield tag="041" ind1=" " ind2=" ">
    <subfield code="a">ita</subfield>
  </datafield>
  <datafield tag="100" ind1=" " ind2=" ">
    <subfield code="a">Gracia Pérez, Daniel</subfield>
    <subfield code="0">(orcid)0000-0001-9821-9649</subfield>
  </datafield>
  <datafield tag="245" ind1=" " ind2=" ">
    <subfield code="a">Le risposte nazionali di alcuni stati membri dell'ue alla crisi dello spostamento ambientale. particolare riferimento al caso italiano</subfield>
  </datafield>
  <datafield tag="260" ind1=" " ind2=" ">
    <subfield code="c">2024</subfield>
  </datafield>
  <datafield tag="520" ind1="3" ind2=" ">
    <subfield code="a">Le  direttive  2001/55/CE  e  2011/95/UE  e  la possibilità  per  gli  Stati  membri dell’UE di concedere anche forme di protezione nazionali. −2. Finlandia. −2.1. Protezione umanitaria per motivi ambientali. −2.2. Protezione temporanea. −3. Svezia. −4. Cipro. −5. Italia. −5.1.  La protezione  speciale  per  motivi  umanitari  (art.  19,  cc.  1.1  e  1.2,  d.lgs.  n. 286/1998). −5.1.1. Evoluzione legislativa della protezione umanitaria. −5.1.2. L’applicazione della protezione speciale per motivi umanitari allo sfollamento ambientale: i recenti sviluppi giurisprudenziali della Corte di Cassazione. −5.2. Il permesso di soggiorno per calamità nel Paese d’origine dello straniero (art. 20-bis, d.lgs. n. 286/1998). −5.3. Misure straordinarie di accoglienza  per  eventi  eccezionali  (art.  20,  d.lgs.  n.  286/1998). −5.3.1.  Differenze  tra  le misure straordinarie di accoglienza per eventi eccezionali e il permesso di soggiorno per casi di  calamità. −5.3.1.1.  Una  diversa  fattispecie:  disastro  naturale  contro  calamità. −5.3.1.2. Determinazione dello statusdi protezione su base individuale o di gruppo: la necessità di un afflusso massiccio di sfollati nel contesto delle misure straordinarie di accoglienza per eventi eccezionali. −5.3.2.  Contenuto  delle  misure  straordinarie  di  accoglienza  per  eventi eccezionali. −6. Conclusioni.  1. Le direttive 2001/55/CE e 2011/95/UE e la possibilità per gli Stati membri dell’UE di concedere anche forme di protezione nazionali.L’origine delle due direttive si trova nel  Consiglio  europeo  di  Tampere,  che  ha tenuto  una  sessione  speciale  in  questa  città meridionale  finlandese  il 15  e  16  ottobre  19991.  Entrambe  sono  state concepite  sulla  base della solidarietà tra tutti gli Stati membri, data la crescente pressione migratoria sugli Stati i cui confini esterni costituiscono la frontiera europea, e hanno rappresentato delle tappe nel processo di creazione di una politica comune dell’UE in materia di asilo e migrazione.Da  un  lato,  il  Consiglio  europeo  ha  chiesto  al  Consiglio  di  intensificare  gli  sforzi  per raggiungere  un  accordo  sulla  protezione  temporanea  degli  sfollati  e  alla  Commissione  di esaminare la possibilità di istituire una sorta di riserva finanziaria per le situazioni di afflusso massiccio  di  rifugiati  che  necessitano  di  protezione  temporanea2.  Il  risultato  è  stata  la *Sottoposto a referaggio.Questo contributo fa parte del dossier di studi La sfida della migrazione climatica, a cura di Susana  Borras  Pentinat  e  AngelaCossiried  è  frutto  del  Progetto  CLIMOVE,  finanziato  dal  programma  di ricerca e innovazione Horizon 2020 dell’Unione Europea con l’accordo di sovvenzione Marie Skłodowska-Curie  (H2020-MSCA-IF-2020)  n.  101031252  dell’Università  degli  Studi  di  Macerata  (Italia).  Gli  articoli riflettono solo il punto di vista degli autori e la REA non è responsabile dell’uso che può essere fatto delle informazioni in esso contenute.**Professore Assistente–Universidad del Atlántico Medio.1Consiglio europeo, Tampere European Council. Presidency Conclusions, 15-16 Ottobre1999.2Ibid., paragrafo 16.</subfield>
  </datafield>
  <datafield tag="506" ind1="0" ind2=" ">
    <subfield code="a">Access copy available to the general public</subfield>
    <subfield code="f">Unrestricted</subfield>
  </datafield>
  <datafield tag="540" ind1=" " ind2=" ">
    <subfield code="9">info:eu-repo/semantics/openAccess</subfield>
    <subfield code="a">by</subfield>
    <subfield code="u">http://creativecommons.org/licenses/by/3.0/es/</subfield>
  </datafield>
  <datafield tag="655" ind1=" " ind2="4">
    <subfield code="a">info:eu-repo/semantics/article</subfield>
    <subfield code="v">info:eu-repo/semantics/publishedVersion</subfield>
  </datafield>
  <datafield tag="773" ind1=" " ind2=" ">
    <subfield code="g">21, 1 (2024), 532-558</subfield>
    <subfield code="p">Dirit. pubblico eur., rass. online</subfield>
    <subfield code="t">Diritto pubblico europeo. Rassegna online</subfield>
    <subfield code="x">2421-0528</subfield>
  </datafield>
  <datafield tag="856" ind1="4" ind2=" ">
    <subfield code="s">426436</subfield>
    <subfield code="u">http://zaguan.unizar.es/record/144996/files/texto_completo.pdf</subfield>
    <subfield code="y">Versión publicada</subfield>
  </datafield>
  <datafield tag="856" ind1="4" ind2=" ">
    <subfield code="s">2427200</subfield>
    <subfield code="u">http://zaguan.unizar.es/record/144996/files/texto_completo.jpg?subformat=icon</subfield>
    <subfield code="x">icon</subfield>
    <subfield code="y">Versión publicada</subfield>
  </datafield>
  <datafield tag="909" ind1="C" ind2="O">
    <subfield code="o">oai:zaguan.unizar.es:144996</subfield>
    <subfield code="p">articulos</subfield>
    <subfield code="p">driver</subfield>
  </datafield>
  <datafield tag="951" ind1=" " ind2=" ">
    <subfield code="a">2024-09-20-13:02:08</subfield>
  </datafield>
  <datafield tag="980" ind1=" " ind2=" ">
    <subfield code="a">ARTICLE</subfield>
  </datafield>
</record>
</collection>